[Event "World Team-ch Women 2017"]
[Site "Khanty-Mansyisk"]
[Date "2017.06.20"]
[Round "4"]
[White "Mammadova, Gulnar"]
[Black "Zhao, Xue"]
[Result "1-0"]
[WhiteElo "2362"]
[BlackElo "2490"]
[Annotator "TA"]
[PlyCount "107"]
[EventDate "2017.??.??"]
[EventType "team-tourn"]
[EventCountry "RUS"]
[SourceTitle "playchess.com"]
[Source "ChessBase"]
[SourceQuality "1"]
[WhiteTeam "AZE"]
[BlackTeam "CHN"]
[WhiteTeamCountry "AZE"]
[BlackTeamCountry "CHN"]

{[%evp 13,107,17,17,8,14,30,11,10,27,12,18,0,0,0,0,0,13,12,18,21,29,-54,0,-57,28,24,22,29,95,72,57,69,157,-45,-36,-40,118,105,343,360,363,318,352,344,329,339,588,605,605,597,611,595,573,583,635,613,684,683,894,889,1169,788,793,642,636,640,624,620,652,643,631,617,621,609,676,664,729,718,656,606,779,764,1470,1405,1328,1282,29962,29964,29958,29967,29936,9705,12849,5949,5427,4947]} 1. e4 e5 2. Nf3 Nc6 3. Bc4 Bc5 4. O-O Nf6 5. d3 d6 6. c3 O-O 7. a4 a5 8. Bg5 {C54: Giuoco Piano: 4 c3 Nf6, main lines with 5 d4 and 5 d3} h6 9. Bh4 g5 10. Bg3 {The position is equal.} Kg7 11. Nbd2 $146 ({Predecessor:} 11. Re1 g4 12. Bh4 Ne7 13. Bxf6+ Kxf6 14. d4 Bb6 15. Nh4 Kg7 {0-1 (51) Hou,Y (2652)-Ding,L (2773) Moscow 2017}) 11... Nh7 12. Nb3 Bb6 13. d4 {[%cal Rd4e5]} h5 {aiming for ...h4.} 14. h4 g4 15. Ne1 $36 {[%mdl 2048] White has the initiative.} f5 16. exf5 Bxf5 17. Nd3 (17. Nc2 $11) 17... Ne7 (17... Nf6 $1 $15) 18. Nbc1 (18. Nxe5 $11 dxe5 19. Bxe5+ Kg6 20. Qd2) 18... exd4 (18... Nf6 $1 $15) 19. Nf4 {[%cal Bd3f4,Bf4h5,Bh5f4][%mdl 32]} dxc3 {Strongly threatening ...d5.} 20. bxc3 (20. Qb3 $5 {[%cal Rb3c3]} Nf6 21. Qxc3 $11) 20... Ng6 (20... Nf6 $11) 21. Nxh5+ $16 Kh6 22. Nf4 Nxh4 (22... Nxf4 $14 23. Bxf4+ Kg7) 23. Qd2 $2 ({Better is} 23. Nce2 $1 $16) 23... Qg5 $15 24. Nce2 {[%cal Bc1e2,Be2d4,Bd4f5,Bf5e7,Be7g6][%mdl 32]} Kg7 $2 (24... Be4 $15 {stays ahead.} 25. Qa2 Nf3+ $1 {[%mdl 512]} 26. gxf3 gxf3) 25. Nd4 Kh8 $2 {[#]} (25... Rae8 $16 {was called for.}) 26. Bxh4 $1 $18 Qxh4 27. Nxf5 {[%cal Rf4g6]} Qg5 28. Ne7 Rxf4 {[#]} 29. Qxf4 $1 {[%mdl 512] Qf7 is the strong threat.} Qxf4 $2 (29... Qxe7 30. Qxg4 Qf6) 30. Ng6+ Kg7 31. Nxf4 Ng5 32. Nh5+ Kh6 33. Ng3 Rf8 34. Rae1 Rf4 35. Bb3 Kg6 36. Re8 Nh7 37. Bc2+ Kf7 38. Re4 Rxe4 39. Bxe4 Nf6 40. Bxb7 Nd7 41. Kh2 Ne5 42. f3 gxf3 43. Bxf3 Ke6 44. Ne2 Be3 45. Nd4+ Kd7 46. Be4 Bd2 47. Nf3 Bxc3 48. Nxe5+ Bxe5+ 49. Kh3 c6 50. Kg4 d5 51. Kf5 Kd6 52. Rd1 (52. g4 $142 Bg7 53. Bf3 Kc5 54. g5 Bb2 55. g6 Bh8 56. Rh1 Bb2 57. Rh7) 52... Bb2 53. Bf3 d4 54. Ke4 {Precision: White = 44%, Black = 27%.} 1-0

[Event "World Team-ch Women 2017"]
[Site "Khanty-Mansyisk"]
[Date "2017.06.20"]
[Round "4"]
[White "Osmak, Iulija"]
[Black "Nguyen, Thi Mai Hung"]
[Result "1/2-1/2"]
[WhiteElo "2350"]
[BlackElo "2301"]
[Annotator "TA"]
[PlyCount "155"]
[EventDate "2017.??.??"]
[EventType "team-tourn"]
[EventCountry "RUS"]
[SourceTitle "playchess.com"]
[Source "ChessBase"]
[SourceQuality "1"]
[WhiteTeam "UKR"]
[BlackTeam "VIE"]
[WhiteTeamCountry "UKR"]
[BlackTeamCountry "VIE"]

{[%evp 9,154,0,0,0,0,-5,0,-8,0,-5,-6,-6,-6,0,5,16,16,-9,22,-10,2,-6,18,23,25,-6,31,0,0,0,0,-33,-20,-18,0,0,-6,-3,0,0,0,0,0,0,0,0,0,0,0,-17,4,0,0,0,0,0,0,0,0,0,0,0,0,0,0,0,0,0,0,0,0,0,15,8,8,8,8,8,8,8,8,8,8,8,12,26,27,8,8,8,8,8,8,0,0,0,52,0,52,52,52,52,52,52,52,52,52,52,178,191,199,209,29938,12845,9719,229,29953,12825,6087,5085,5078,5065,4493,2728,2279,0,0,0,0,0,0,0,0,0,0,0,0,0,0,0,0,0,0,0,0,0,0]} 1. d4 d5 2. Bf4 Nf6 3. e3 c5 4. c3 Qb6 5. Qb3 c4 (5... Nc6 6. Nd2 g6 7. Qxb6 axb6 8. Bc7 Nd7 9. Bb5 Bg7 10. Ngf3 O-O 11. O-O e6 12. a4 h6 {½-½ (52) Kovalev,V (2598)-Kovalenko,I (2684) Lisbon 2017}) 6. Qc2 {D00: 1 d4 d5: Unusual lines} g6 7. Nd2 Bf5 8. Qc1 Bg7 9. h3 Nc6 10. Ngf3 O-O 11. Be2 Rfc8 12. O-O Qd8 13. Ne5 b5 $146 ({Predecessor:} 13... Nxe5 14. Bxe5 b5 15. Bf3 Bd3 16. Re1 Ne4 17. Bxg7 Kxg7 {½-½ (30) Bartos,J (2170)-Kiolbasa,O (2173) Marianske Lazne 2017}) 14. Bf3 a5 15. a4 Qb6 16. axb5 Qxb5 17. Re1 Ra6 18. Ra2 Nxe5 19. Bxe5 Bd3 20. Bd1 a4 21. Bc2 Bxc2 22. Qxc2 Rca8 23. Rea1 Qc6 24. Qd1 e6 25. Qf3 Ne4 26. Nxe4 dxe4 27. Qd1 f6 28. Bg3 Bf8 29. f3 (29. Bh4 $5 {[%cal Rh4f6]}) 29... f5 30. Qe2 exf3 31. gxf3 a3 (31... Rb6 {is interesting.} 32. e4 Rb3 33. exf5 exf5 34. Kg2 a3) 32. bxa3 Rxa3 33. Rxa3 Rxa3 34. Rxa3 Bxa3 35. e4 Kf7 36. Kg2 Qb5 37. Bf2 Qc6 38. Qd2 fxe4 39. Qf4+ Kg8 40. fxe4 Bd6 41. Qf3 Qb7 42. e5 Qxf3+ 43. Kxf3 $11 {[%mdl 4096] Endgame KB-KB} Bc7 44. Ke4 Ba5 45. Be1 g5 46. d5 exd5+ 47. Kxd5 Kf7 48. Kxc4 (48. Bd2 $5 {[%cal Re5e6]}) 48... Ke6 49. Kd4 h5 {[%cal Bh7h5,Bh5h4][%mdl 32]} 50. Bg3 h4 51. Bh2 Bb6+ 52. Ke4 Ba7 (52... Ba5 $1 $11) 53. c4 (53. Kf3 $1 $14) 53... Bc5 (53... Bb6 $11) 54. Kf3 $1 $14 Kf5 {[#]} 55. e6 $1 {[%mdl 512]} Kxe6 56. Kg4 Be3 $1 57. Bc7 {Strongly threatening Bd8.} Kd7 58. Ba5 Kc6 {[#]} (58... Kd6 $14) 59. Bb4 $1 $18 Kd7 {[#]} 60. Kf5 $1 Bf4 $2 (60... Ke8 $18 61. Bc3 Kf7) 61. Bc5 (61. Ba3 $142 Be3 62. Bf8 Kc6 63. Be7 Bg1 64. Kxg5 Kd7 65. Bb4 (65. Kxh4 Kxe7 66. Kh5 Bh2 $11) 65... Bf2 66. Kg4) 61... Bd2 62. Bf8 Be3 $2 (62... Ba5 $18 63. Kxg5 Be1) 63. Bh6 Kd6 64. Bxg5 Bf2 65. Ke4 Kc5 66. Kd3 Kd6 67. Be3 $2 ({White should play} 67. Bf6 $18 {And now Ke2 would win.} Ke6 68. Ke2) 67... Bxe3 $1 $11 {The position is equal.} 68. Kxe3 {KPP-KP} Kc5 69. Kd3 Kc6 70. Kd4 Kd6 71. c5+ Kc6 72. Kc4 {Threatens to win with Kd4.} Kc7 73. Kd5 Kd7 74. c6+ Kc7 75. Kc5 {Kd5 is the strong threat.} Kc8 $1 76. Kd6 {Intending c7 and mate.} (76. Kb6 $5 {[%cal Rc6c7]} Kb8 77. c7+ Kc8 78. Kc6 $11) 76... Kd8 77. c7+ (77. Ke5 $5 {[%cal Re5d6]} Kc7 78. Kf6 $11 (78. Kd5 Kc8 $11)) 77... Kc8 78. Kc6 $2 {[%mdl 8192] Precision: White = 68%, Black = 64%.} (78. Ke5 Kxc7 79. Kf5) 1/2-1/2

[Event "World Team-ch Women 2017"]
[Site "Khanty-Mansyisk"]
[Date "2017.06.20"]
[Round "4"]
[White "Yu, Jennifer R"]
[Black "Elansary, Eman"]
[Result "1-0"]
[WhiteElo "2319"]
[BlackElo "1887"]
[Annotator "TA"]
[PlyCount "151"]
[EventDate "2017.??.??"]
[EventType "team-tourn"]
[EventCountry "RUS"]
[SourceTitle "playchess.com"]
[Source "ChessBase"]
[SourceQuality "1"]
[WhiteTeam "USA"]
[BlackTeam "EGY"]
[WhiteTeamCountry "USA"]
[BlackTeamCountry "EGY"]

{[%evp 16,151,5,10,32,25,34,25,59,59,80,81,105,96,104,103,112,103,113,111,180,132,122,112,133,135,115,54,55,43,79,80,88,83,126,145,137,131,149,103,102,85,104,103,103,103,103,69,98,0,54,53,52,25,149,141,147,121,141,50,112,104,108,118,117,108,127,0,0,0,253,267,294,272,588,265,244,8,8,15,14,7,44,53,44,48,52,44,8,8,1384,1372,1169,1067,746,504,266,249,1306,234,1248,1268,1382,1382,1245,841,29943,12778,11408,5431,5280,4410,4614,1728,2188,1862,29971,29973,29972,29972,29969,29969,29975,29975,29976,29977,29977,29977,29977,29978,29980,29981,29981,29982,29982,29983,29982,29982]} 1. c4 e5 2. Nc3 Nc6 3. g3 d6 4. Bg2 g6 5. e3 Bg7 6. Nge2 Be6 7. Nd5 Nge7 8. d3 O-O 9. O-O Rb8 {A25: English Opening vs King's Indian with ...Nc6 but without early d3} 10. b3 (10. Nec3 a6 11. b4 b5 12. Rb1 f5 13. cxb5 axb5 14. a4 bxa4 15. Qxa4 Nxd5 16. Nxd5 Ne7 17. Nxe7+ Qxe7 {½-½ (83) Maletin,P (2583)-Zablotsky,S (2533) Vladivostok 2015}) 10... Qd7 11. Bb2 $146 ({Predecessor:} 11. Rb1 a6 12. Nec3 b5 13. Bb2 b4 14. Nxe7+ Nxe7 15. Nd5 Nc8 16. a3 a5 17. axb4 axb4 {½-½ (48) Kurth,W-Helbach,E ICCF corr 1990}) 11... Nf5 {White has an edge.} 12. Qd2 h5 13. f4 Nce7 14. e4 Nh6 15. fxe5 dxe5 16. Nf6+ Bxf6 17. Rxf6 Ng4 (17... Kh7 $16) 18. Rff1 {Black must now prevent h3.} Kh7 19. h3 Nh6 20. Bxe5 Bxh3 21. Nf4 (21. Bxh3 $16 Qxh3 22. Bxc7) 21... Bxg2 $14 22. Kxg2 {Hoping for Rh1.} Ng4 23. Bb2 f6 24. d4 Rbe8 {[#]} 25. Rae1 $1 b6 26. Qc2 c6 27. Ba3 Qxd4 28. Ne6 $1 {[%csl LRd4,LRf8]} Qe5 29. Nxf8+ Rxf8 30. Bb2 Qe6 31. Qd2 c5 32. Re2 (32. Qf4 $16) 32... Rf7 (32... Nc6 $11) 33. Rd1 {aiming for Qd7.} Nc6 34. Qd5 (34. Qd6 $5 {[%cal Rd6e6]} Qe8 35. Qf4 $14) 34... Re7 (34... Qe8 $11) 35. Qxe6 $16 Rxe6 36. Rd7+ Kh6 37. Re1 ({Better is} 37. Bc3 $16) 37... Nge5 (37... g5 $14) 38. Bxe5 Nxe5 39. Rxa7 {[%mdl 4096] Endgame KRR-KRN} Rd6 40. Re2 Kg5 41. Rf2 (41. Kh3 $16) 41... Nd3 $11 42. Rf1 Kg4 $2 {[%mdl 8192]} (42... Ne5 $11 {and Black is okay.}) 43. Rf7 $18 Kg5 44. Rd1 h4 $2 (44... Kg4 {is more resistant.} 45. Kh2 Kg5) 45. gxh4+ Kxh4 46. Rxd3 $2 ({White should try} 46. Kh2 $18 Kg5 47. Rg7) 46... Rxd3 $11 47. Rxf6 $18 {KR-KR} g5 $1 48. e5 ({Don't take} 48. Rxb6 $6 Rd2+ 49. Kf3 g4+ 50. Ke3 Rxa2 $16) 48... Re3 49. Kf2 Rxe5 50. Kf3 {[%cal Rf6h6]} Kh5 51. Rxb6 g4+ 52. Kf4 Rg5 $2 {[%mdl 8192]} (52... Re2 $11) 53. Rb8 {Strongly threatening Rh8+.} Rg7 54. Rh8+ Kg6 55. Kxg4 Kf6+ 56. Kf4 Ke6 $2 (56... Ke7 57. Rh5 Kd6) 57. Ra8 $2 (57. Rd8 Ra7 58. Rd5) 57... Rg1 $2 (57... Rg2 58. Kf3 Rh2 59. Re8+ Kd7) 58. Rd8 Rf1+ 59. Ke3 Ra1 60. Rd5 Rxa2 61. Rxc5 Rb2 62. Rb5 Kd6 63. Kd3 Kc6 64. Kc3 Rh2 65. Rg5 Rf2 66. Rg6+ {White mates.} Kc7 67. Kb4 Rf3 68. c5 {[%cal Bc4c5,Bc5c6,Bc6c7][%mdl 32]} Rf7 69. Kb5 Kb7 70. b4 Re7 71. Rb6+ Kc7 72. Ra6 Kb7 73. c6+ Kb8 74. Ra1 Re5+ 75. Kb6 Re7 {[#]} 76. c7+ $1 {Precision: White = 70%, Black = 31%.} 1-0

[Event "World Team-ch Women 2017"]
[Site "Khanty-Mansyisk"]
[Date "2017.06.20"]
[Round "4"]
[White "Mamedjarova, Zeinab"]
[Black "Ju, Wenjun"]
[Result "1/2-1/2"]
[WhiteElo "2289"]
[BlackElo "2583"]
[Annotator "TA"]
[PlyCount "45"]
[EventDate "2017.??.??"]
[EventType "team-tourn"]
[EventCountry "RUS"]
[SourceTitle "playchess.com"]
[Source "ChessBase"]
[SourceQuality "1"]
[WhiteTeam "AZE"]
[BlackTeam "CHN"]
[WhiteTeamCountry "AZE"]
[BlackTeamCountry "CHN"]

{[%evp 12,45,17,16,31,35,30,-18,-5,-13,-27,-17,0,0,0,0,0,0,10,0,28,0,0,0,0,0,0,0,0,0,0,0,0,0,0,0]} 1. d4 d6 2. Nf3 g6 3. Nc3 Bg7 4. a4 Nf6 5. g3 O-O 6. Bg2 Nbd7 7. O-O d5 {A49: 1 d4 Nf6 2 Nf3 g6 3 g3: Anti-King's Indian systems} (7... c6 8. a5 Qc7 9. h3 e5 10. e4 Rb8 11. d5 b5 12. axb6 axb6 13. dxc6 Qxc6 14. Ne1 Nc5 15. Bg5 {1-0 (59) Fedoseev,V (2670)-Ziska,H (2546) Abu Dhabi 2016}) 8. a5 c5 9. h3 $146 ({Predecessor:} 9. e3 Rb8 10. b3 b5 11. axb6 axb6 12. Bb2 Bb7 13. Qe2 Ne8 14. e4 cxd4 15. Nxd5 {0-1 (34) Van der Westhuizen,W (2061)-Van Rensburg,R (2174) Centurion 2014}) 9... e6 10. dxc5 Nxc5 11. Be3 Qe7 12. Bd4 Bd7 13. Qc1 Rfc8 14. Qe3 a6 15. Nd2 Be8 16. Bxd5 {Strongly threatening Bf3.} Qd8 $1 {The position is equal.} 17. Bg2 Ng4 $1 {[%cal Rg4e3]} 18. hxg4 Bxd4 19. Qh6 Bg7 20. Qe3 Bd4 21. Qh6 Bg7 22. Qe3 Bd4 23. Qh6 {Precision: White = 70%, Black = 67%.} 1/2-1/2

[Event "World Team-ch Women 2017"]
[Site "Khanty-Mansyisk"]
[Date "2017.06.20"]
[Round "4"]
[White "Luong, Phuong Hanh"]
[Black "Buksa, Nataliya"]
[Result "0-1"]
[WhiteElo "2208"]
[BlackElo "2344"]
[Annotator "TA"]
[PlyCount "132"]
[EventDate "2017.??.??"]
[EventType "team-tourn"]
[EventCountry "RUS"]
[SourceTitle "playchess.com"]
[Source "ChessBase"]
[SourceQuality "1"]
[WhiteTeam "VIE"]
[BlackTeam "UKR"]
[WhiteTeamCountry "VIE"]
[BlackTeamCountry "UKR"]

{[%evp 18,132,21,17,12,-16,7,-41,36,20,41,0,124,134,124,131,131,131,131,131,125,128,138,122,139,107,112,112,112,107,115,76,85,66,72,68,118,102,100,89,97,58,58,58,59,60,58,58,67,64,82,71,100,55,55,55,56,58,63,70,84,79,103,92,112,76,72,26,62,35,36,29,42,43,36,29,29,29,35,39,48,-386,-362,-363,-333,-439,-447,-430,-428,-411,-401,-391,-405,-631,-588,-633,-667,-5293,-3651,-4802,-3079,-1895,-856,-756,-739,-2313,-1792,-1892,-1866,-4810,-4472,-4378,-2565,-29981,-29981,-29988,-29989]} 1. d4 Nf6 2. Nf3 d5 3. c4 e6 4. g3 Bb4+ 5. Bd2 Be7 6. Bg2 O-O 7. O-O c6 8. Qc2 Ne4 9. Bf4 Nd7 10. Nc3 g5 {Threatens to win with ...Nxc3. E08: Closed Catalan: Main Line: 7 Qc2} 11. Bd2 (11. Bc1 f5 12. b3 b6 13. Bb2 Bb7 14. Rad1 Qe8 15. Nd2 Nd6 16. Ba3 Rc8 17. Rfe1 Nf7 18. Qb2 {½-½ (30) So,W (2822)-Nakamura,H (2793) Saint Louis 2017}) 11... f5 12. Rfd1 $146 ({Predecessor:} 12. Ne1 Nb6 13. Nxe4 dxe4 14. Rd1 Qxd4 15. Bxg5 Qg7 16. Bxe7 Qxe7 17. b3 e5 18. Bh3 {½-½ (36) Pham,C (2344)-Vo,T (2294) Ho Chi Minh City 2013}) 12... b6 ({Black should try} 12... g4 $15 13. Ne5 Nxd2 14. Qxd2 Bg5) 13. cxd5 $14 cxd5 14. Qa4 {Black must now prevent Qc6.} (14. Rac1 {keeps more tension.} Rf7 15. Nb5 Ba6 16. Qa4 Bxb5 17. Qxb5 Rc8 18. Rxc8 Qxc8 19. Rc1) 14... Bb7 (14... Rf7 $11) 15. Nxe4 $16 dxe4 {[#]} 16. Nxg5 $1 {[%mdl 512]} Bxg5 17. Bxg5 Qxg5 18. Qxd7 Bd5 19. e3 Rf7 {[%cal Bf8f7,Bf7c7,Bc7c2][%mdl 32]} 20. Qd6 Rd8 21. Qe5 Rc8 22. Rdc1 Qd8 23. Bf1 Rfc7 24. Re1 Rc2 25. Ba6 R8c7 26. b3 R7c3 27. Re2 Qc7 28. Rxc2 Rxc2 29. Qxc7 (29. Qf6 {is interesting.} Qf7 30. Qg5+ Qg6 31. Qf4 Qf7 32. b4) 29... Rxc7 {[%mdl 4096] Endgame KRB-KRB} 30. Re1 Kf7 31. Re2 Ke7 32. Rd2 Rc1+ 33. Kg2 Kd6 34. Bb5 Kc7 35. h3 Kd6 36. Rb2 Ke7 37. Be2 Kd6 38. g4 h6 39. Kg3 Ke7 40. Kf4 Kf6 41. gxf5 exf5 42. h4 Bc6 43. Rd2 Bd5 44. Bd1 Ke6 45. Kg3 Kd6 46. Bh5 Ke6 47. Be2 Kd6 48. Kf4 Ke6 49. Bc4 $2 {[%mdl 8192]} (49. Bd1 $14 {stays ahead.}) 49... Bxc4 $19 50. bxc4 {[#] And now d5+ would win. KR-KR} Rg1 $1 {[%csl Gf5][%cal Rg1g4]} 51. d5+ Kf6 {[%csl Gf5][%cal Rg1g4]} 52. f3 Rf1 {[%csl Ge4][%cal Rf1f3]} 53. Kg3 Rxf3+ 54. Kg2 Rxe3 55. Kf2 (55. Kf1 $142 Rf3+ 56. Ke1) 55... Rh3 {Strongly threatening ...e3+.} 56. Rd4 Rxh4 57. Kg3 Rg4+ 58. Kh3 Ke5 59. Rd1 Kd6 (59... Rg6 $142 60. d6 Rxd6) 60. Rf1 Rg5 61. Kh4 Ke5 62. Rd1 Rg6 63. a4 e3 {[%cal Be4e3,Be3e2][%mdl 32]} 64. Re1 f4 65. Kh5 Rg2 66. Kxh6 e2 {Precision: White = 41%, Black = 66%.} 0-1

[Event "World Team-ch Women 2017"]
[Site "Khanty-Mansyisk"]
[Date "2017.06.20"]
[Round "4"]
[White "Moaataz, Ayah"]
[Black "Nemcova, Katerina"]
[Result "1/2-1/2"]
[WhiteElo "2020"]
[BlackElo "2313"]
[Annotator "TA"]
[PlyCount "99"]
[EventDate "2017.??.??"]
[EventType "team-tourn"]
[EventCountry "RUS"]
[SourceTitle "playchess.com"]
[Source "ChessBase"]
[SourceQuality "1"]
[WhiteTeam "EGY"]
[BlackTeam "USA"]
[WhiteTeamCountry "EGY"]
[BlackTeamCountry "USA"]

{[%evp 19,99,18,16,-10,14,7,7,8,20,3,32,31,58,64,100,89,115,91,89,91,108,107,112,102,120,107,94,75,80,85,29,24,22,18,12,16,120,113,112,81,137,134,147,149,183,180,202,202,209,135,226,71,98,98,93,92,84,80,126,36,35,31,32,6,8,0,33,33,33,23,35,35,59,2,2,2,2,0,0,0,2,0]} 1. c4 c5 2. g3 g6 3. Bg2 Bg7 4. Nc3 Nc6 5. a3 e6 6. b4 d6 7. Nf3 Nge7 8. Rb1 O-O 9. O-O b6 {A36: Symmetrical English vs ...g6: 4 Bg2 Bg7} 10. e3 Bb7 {LiveBook: 36 Games} (10... d5 11. bxc5 bxc5 12. Na4 Qd6 13. d3 Ba6 14. Qc2 Rab8 15. Rxb8 Rxb8 16. cxd5 Nxd5 17. e4 {½-½ (33) Ding,L (2773)-Svidler,P (2755) Moscow 2017}) 11. Ne2 Rc8 12. Bb2 Qd7 $146 ({Predecessor:} 12... e5 13. Qa4 cxb4 14. axb4 e4 15. Ng5 Bxb2 16. Rxb2 Ne5 17. Nxe4 Bxe4 18. Bxe4 Rxc4 {0-1 (67) Walker,S (1951)-Sattarov,B (2063) Akhisar Manisa 2009}) 13. Bxg7 Kxg7 14. Qb3 Rc7 15. Rfd1 cxb4 16. axb4 a5 17. bxa5 Nxa5 18. Qc3+ e5 19. d3 ({Much worse is} 19. Rxb6 $6 Bxf3 20. Bxf3 Nxc4 $11) 19... Nc8 20. Qa1 f6 21. Nc3 Re8 22. Nb5 Rc5 23. Nd2 Bxg2 24. Kxg2 d5 {[%cal Rd5c4]} 25. d4 exd4 26. exd4 Rc6 $1 27. c5 Nc4 (27... Nb7 $1 $11) 28. Nxc4 $16 dxc4 29. Nc3 $36 {[%mdl 2048] White has strong initiative.} Re7 ({Better is} 29... bxc5 30. dxc5 Qf7) 30. Qa4 Rf7 31. Qxc4 {Hoping for Ne4.} bxc5 32. dxc5 {[%cal Bd4c5,Bc5d6][%mdl 32]} Qc7 33. Ne4 Re7 34. Qd4 Rce6 (34... Qe5 $16) 35. Nd6 $2 {[#]} (35. f3 $18) 35... Nxd6 36. cxd6 Qc6+ 37. Kg1 Rd7 {[%cal Re6d6]} 38. Rb6 Qe4 39. Qxe4 (39. Qc3 $16) 39... Rxe4 {[%mdl 4096] Endgame KRR-KRR} 40. Rc6 {[#] Rc7 is the strong threat.} Kf7 41. Rc7 Ke6 42. Rc8 Kf7 43. Kg2 Re8 44. Rc7 Ke6 45. Rc3 Red8 46. Re3+ ({White should play} 46. Re1+ $1 $14 Kxd6 47. Re2) 46... Kf7 $11 {The position is equal.} 47. Red3 Ke6 48. Re3+ Kf7 49. Red3 Ke6 50. Re3+ {Precision: White = 34%, Black = 44%.} 1/2-1/2

[Event "World Team-ch Women 2017"]
[Site "Khanty-Mansyisk"]
[Date "2017.06.20"]
[Round "4"]
[White "Ehab, Tasneem"]
[Black "Gorti, Akshita"]
[Result "0-1"]
[WhiteElo "1750"]
[BlackElo "2240"]
[Annotator "TA"]
[PlyCount "92"]
[EventDate "2017.??.??"]
[EventType "team-tourn"]
[EventCountry "RUS"]
[SourceTitle "playchess.com"]
[Source "ChessBase"]
[SourceQuality "1"]
[WhiteTeam "EGY"]
[BlackTeam "USA"]
[WhiteTeamCountry "EGY"]
[BlackTeamCountry "USA"]

{[%evp 24,92,-10,-27,-10,-23,-6,-19,-6,-17,0,-8,-3,-31,-13,-35,-16,-29,-22,-36,-24,-36,-25,-32,-30,-53,-53,-56,-41,-66,-35,-69,-58,-67,-66,-154,-146,-187,-94,-303,-295,-291,-267,-307,-304,-281,-268,-269,-239,-311,-231,-252,-249,-365,-363,-469,-406,-525,-525,-765,-706,-29977,-29978,-29990,-29979,-29991,-29992,-29995,-29996,-29996,-29996]} 1. d4 e6 2. Nf3 Nf6 3. Bf4 c5 4. c3 Nc6 5. e3 d5 6. Nbd2 Bd6 7. Bxd6 Qxd6 8. Bd3 O-O 9. O-O e5 10. dxe5 Nxe5 11. Nxe5 Qxe5 12. Nf3 Qe7 13. h3 (13. c4 $5 {[%cal Rc4d5]}) 13... h6 {D02: 1 d4 d5 2 Nf3 sidelines, including 2...Nf6 3 g3 and 2...Nf6 3 Bf4} 14. a4 $146 (14. b4 $5) ({Predecessor:} 14. Qc2 Be6 15. Rad1 Rfd8 16. Rfe1 Rac8 17. c4 a6 18. cxd5 Nxd5 19. a3 b5 20. Bh7+ {0-1 (52) Girya,O (2446)-Goryachkina,A (2460) Sochi 2016}) 14... Bd7 15. Qe2 (15. b4 $5) 15... Rfd8 {The position is equal.} 16. Rfd1 Ne4 17. Qc2 Bc6 18. Rdb1 Rac8 19. Qe2 a6 20. Qe1 Qf6 21. Ra3 Bd7 22. Be2 Bf5 23. Rd1 a5 24. Rb3 b6 $36 {[%mdl 2048] Black has the initiative.} 25. Ra3 Rd6 26. Qf1 Qe7 27. Kh2 Rcd8 28. Raa1 h5 29. g3 ({Better is} 29. Nd2 $15) 29... Rf6 $17 30. Qg1 g5 (30... Bc8 $19 {Strongly threatening ...Ba6!} 31. Qg2 g5) 31. Rf1 $2 {[#]} (31. Nd2 $17 {might work better.}) 31... Bxh3 $1 {[%mdl 512]} 32. Kxh3 g4+ 33. Kg2 gxf3+ 34. Bxf3 Nd2 35. Bxh5 Nxf1 36. Rxf1 Qe4+ 37. f3 Qxa4 38. Qh2 (38. Qf2 $142) 38... Re8 $19 39. Qh3 Rxe3 40. Qc8+ Re8 41. Qc7 Re2+ 42. Kg1 Qe8 {Black mates.} 43. Qb7 Qe6 44. Qa8+ Kg7 45. f4 Qe3+ 46. Kh1 {[#]} Qxg3 $1 {[%mdl 512] Precision: White = 17%, Black = 50%.} 0-1

[Event "World Team-ch Women 2017"]
[Site "Khanty-Mansyisk"]
[Date "2017.06.21"]
[Round "5"]
[White "Ju, Wenjun"]
[Black "Dzagnidze, Nana"]
[Result "1-0"]
[WhiteElo "2583"]
[BlackElo "2533"]
[Annotator "TA"]
[PlyCount "113"]
[EventDate "2017.??.??"]
[EventType "team-tourn"]
[EventCountry "RUS"]
[SourceTitle "playchess.com"]
[Source "ChessBase"]
[SourceQuality "1"]
[WhiteTeam "CHN"]
[BlackTeam "GEO"]
[WhiteTeamCountry "CHN"]
[BlackTeamCountry "GEO"]

{[%evp 17,113,0,30,33,33,36,25,34,52,19,43,20,26,20,44,12,20,10,10,11,11,6,57,48,67,55,61,74,116,105,107,102,108,106,265,274,346,344,371,304,365,342,345,304,310,303,280,298,289,298,298,283,332,278,279,281,275,270,269,275,279,279,346,347,351,293,394,314,404,397,447,420,445,439,425,425,410,408,400,380,522,420,422,414,417,368,464,419,566,521,620,610,570,558,612,610,591,588]} 1. d4 d5 2. c4 e6 3. Nf3 Nf6 4. g3 dxc4 5. Bg2 c5 6. O-O Nc6 7. Qa4 Bd7 8. Qxc4 b5 9. Qc3 {E04: Open Catalan: 5 Nf3} Rc8 {LiveBook: 3 Games} (9... cxd4 10. Nxd4 Nxd4 11. Qxd4 Rc8 12. Bf4 Bc5 13. Qd3 Qb6 14. Nd2 O-O 15. Ne4 Rfd8 16. Nxc5 Bc6 {1-0 (57) Gelfand,B (2721)-Maze,S (2613) Caleta 2017}) 10. dxc5 b4 $146 ({Predecessor:} 10... Nd5 11. Qc2 Ncb4 12. Qd1 Bxc5 13. e4 Nb6 14. Nc3 Na4 15. Ne5 Nxc3 16. bxc3 Na6 {1-0 (36) Horvath,C (2497)-Rezan,S (2443) Sibenik 2016}) 11. Qc4 {White is slightly better.} Qa5 12. Bg5 Qxc5 13. Qa6 Be7 14. Nbd2 (14. Rc1 $5 {[%cal Rc1c5]} Qf5 15. Nbd2 $14) 14... Nb8 15. Qb7 {With the idea Rfc1.} O-O 16. Be3 (16. Nb3 {is interesting.} Qc7 17. Qxc7 Rxc7 18. Rfc1 Rfc8 19. Rxc7 Rxc7 20. Ne5) 16... Qb5 17. Qxb5 Bxb5 18. Nd4 $36 {[%mdl 2048] White fights for an advantage.} Ba6 19. N2b3 Bc4 ({Better is} 19... Ng4 $11) 20. Rfc1 {Bb7 is the strong threat.} Bd5 21. Bf4 Bxg2 22. Kxg2 Nfd7 23. Nb5 {[%cal Bd4b5,Bb5a7,Ba7c8][%mdl 32]} a6 24. Na7 Rxc1 25. Rxc1 f6 $2 {[#]} (25... g5 $16 {was called for.}) 26. Nc8 $18 Bd8 27. Bd6 $1 {[%csl LRb4,LRf8]} Re8 28. Bxb4 Nb6 29. e4 e5 30. Rc2 N8d7 31. Nd6 Re6 32. Nb7 Be7 33. Bxe7 Rxe7 34. Rc6 Re8 35. N7c5 Ra8 36. Rc7 Nxc5 37. Nxc5 {[%mdl 4096] Endgame KRN-KRN} ({Weaker is} 37. Rxc5 Na4 $16) 37... a5 38. b3 {[%cal Bb2b3,Bb3b4,Bb4b5][%mdl 32]} a4 39. b4 a3 40. Ne6 g6 41. b5 Rb8 42. Rg7+ Kh8 43. Ra7 Nc4 44. Nc7 Kg8 45. Nd5 Rxb5 46. Nxf6+ Kf8 47. Nxh7+ Ke8 48. Nf6+ Kd8 49. Ra4 Rc5 50. h4 Rc6 {intending ...Nb6.} 51. Nd5 Ke8 52. g4 {[%cal Bg3g4,Bg4g5][%mdl 32]} Kf8 53. g5 {White is clearly winning.} Kf7 54. Ra7+ Kf8 55. Nf6 Rd6 56. Rc7 Nb2 57. Nd7+ {Precision: White = 83%, Black = 54%.} 1-0